Fifa World Cup Losing Finalists - Statistics

General Stats
  • This quiz has been taken 42 times
  • The average score is 12 of 20
Answer Stats
Year Answer % Correct
2014 Argentina
95%
2006 France
85%
2010 Netherlands
82%
2002 Germany
77%
1990 Argentina
74%
1998 Brazil
72%
1994 Italy
69%
1986 West Germany
67%
1966 West Germany
67%
1978 Netherlands
59%
1974 Netherlands
59%
1982 West Germany
56%
1970 Italy
49%
1930 Argentina
46%
1950 Brazil
44%
1954 Hungary
44%
1958 Sweden
44%
1962 Czechoslovakia
31%
1938 Hungary
31%
1934 Czechoslovakia
23%
No matching quizzes found
Score Distribution
Percent of People with Each Score
Percentile by Number Answered
Your Score History
You have not taken this quiz